000 00699cab a2200241 4500
001 WB3337-24
008 090401t1997 xxu||||| |||| 00| 0 eng d
035 _a(Sirsi) u81111
041 _aeng
245 _aReason to think Pinc
260 _c1997
350 _a0
490 _aFinancial Times
_v26 September 1997, 14(1)
520 _aReview of how Property Income Certificates are being used taking the company Nomura as an example.
650 _aPINCS
650 _aPROPERTY FINANCE
650 _aPROPERTY INCOME CERTIFICATES
650 _aPROPERTY INVESTMENT
650 _aSECURITISATION
690 _aPROPERTY-PROPERTY FINANCE AND INVESTMENT
942 _n0
948 _c26/09/1997
999 _c51111
_d51111